Actividades informáticas con excel y word /
Guardado en:
| Autor Principal: | |
|---|---|
| Formato: | Libro |
| Publicado: |
Buenos Aires :
Omicrom System,
2003
|
| Series: | Entre padres e hijos
|
| Materias: | |
| Etiquetas: |
Agregar Etiqueta
Sin Etiquetas, Sea el primero en etiquetar este registro!
|
| LEADER | 01342nam a22003135a 4500 | ||
|---|---|---|---|
| 001 | CEM.cems012101 | ||
| 005 | 20060503145941.0 | ||
| 008 | 130507s2003##################000#0#####d | ||
| 003 | CEMS | ||
| 020 | |a 9871046154 | ||
| 082 | 0 | 4 | |a 001.6425 |
| 100 | 1 | |a Abril, Patricia | |
| 245 | 1 | 0 | |a Actividades informáticas con excel y word / |c Patricia Abril |
| 260 | |a Buenos Aires : |b Omicrom System, |c 2003 | ||
| 300 | |a 150 p. | ||
| 490 | 0 | |a Entre padres e hijos | |
| 505 | 0 | |a Herramientas para las áreas de matemática, física y química y biología -- Herramientas para la Formación en las áreas de ecología y educación vial -- Organización, seguimiento y evaluación del curso | |
| 653 | |a Actividades informáticas | ||
| 653 | |a Actividades informáticas excel | ||
| 653 | |a Actividades informáticas word | ||
| 653 | |a Actividades informáticas matemática | ||
| 653 | |a Actividades informáticas física | ||
| 653 | |a Actividades informáticas química | ||
| 653 | |a Actividades informáticas biología | ||
| 653 | |a Actividades informáticas ecología | ||
| 653 | |a Actividades informáaticas educación vial | ||
| 859 | |a CEMS |b BIB. CEMS - 11 de abril |h 001.6425 |i Ab87 |p 23326.06 |t Ej.1 | ||
| 859 | |a CEMS |b BIB. CEMS - 11 de abril |h 001.6425 |i Ab87 |p 23327.06 |t Ej.2 | ||
| 859 | |a CEMS |b BIB. CEMS - 11 de abril |h 001.6425 |i Ab87 |p 23328.06 |t Ej.3 | ||
